|
|
|
|
| LEADER |
01249nam a22003494a 4500 |
| 001 |
EBC353356 |
| 003 |
MiAaPQ |
| 005 |
20200520144314.0 |
| 006 |
m o d | |
| 007 |
cr cn||||||||| |
| 008 |
080221s2008 njuab s 001 0 eng |
| 010 |
|
|
|z 2008006391
|
| 020 |
|
|
|z 9780470373057 (cloth)
|
| 035 |
|
|
|a (MiAaPQ)EBC353356
|
| 035 |
|
|
|a (Au-PeEL)EBL353356
|
| 035 |
|
|
|a (CaPaEBR)ebr10250290
|
| 035 |
|
|
|a (CaONFJC)MIL175220
|
| 035 |
|
|
|a (OCoLC)259708672
|
| 040 |
|
|
|a MiAaPQ
|c MiAaPQ
|d MiAaPQ
|
| 050 |
|
4 |
|a HD61
|b .B55 2008
|
| 082 |
0 |
4 |
|a 658.4/73
|2 22
|
| 100 |
1 |
|
|a Blyth, Michael,
|d 1972-
|
| 245 |
1 |
0 |
|a Risk and security management
|h [electronic resource] :
|b protecting people and sites worldwide /
|c Michael Blyth.
|
| 260 |
|
|
|a Hoboken, N.J. :
|b John Wiley & Sons,
|c c2008.
|
| 300 |
|
|
|a xxx, 401 p. :
|b ill.,map.
|
| 500 |
|
|
|a Includes index.
|
| 533 |
|
|
|a Electronic reproduction. Ann Arbor, MI : ProQuest, 2015. Available via World Wide Web. Access may be limited to ProQuest affiliated libraries.
|
| 650 |
|
0 |
|a Risk management.
|
| 650 |
|
0 |
|a Emergency management.
|
| 655 |
|
4 |
|a Electronic books.
|
| 710 |
2 |
|
|a ProQuest (Firm)
|
| 856 |
4 |
0 |
|u https://ebookcentral.proquest.com/lib/matrademy/detail.action?docID=353356
|z Click to View
|